1422 1168 1462 1479 1748 1877 1563 1297 1535 1378 1560 1716 1272 1928 1534 1495 1446 1848 1333 1333 1899 1085 1988 1899 1489 1575 1606 1342 1193 1438 1942 1683 1597 1296 1857 1010 1838 1216 1478 1348 1393 1015 1213 1879 1628 1134 1249 1958 1347 1776 1883 1960 1882 1546 1291 1326 1818 1684 1701 1439 1880 1898 1390 1976 1109 1942 1537 1712 1076 1779 1152 1052 1448 1002 1300 1476 1013 1308 1229 1141 1034 1330 1984 1991 1300 1428 1874 1424 1218 1470 1867 1697 1320 1284 1288 1888 1509 1895 1259 BCNSPRNW ULIB Ver.6.0+V

เปลี่ยนเป็นภาษาไทย

Change to English
 แสดงรายละเอียดบรรณานุกรม
  กลับหน้าหลัก

Brief Record : Get Marc (ISO 2709) : E-mail record : QR code < ปิดหน้าต่าง
LEADER : 00000nam 2200000uu 4500
001    13399112432
003     ULIB
008    110815s2548||||th 000 0 tha d
020    9745347043
040    bad
050  4 HM251^bส722จ 2548
100 0  สิทธิโชค วรานุสันติกูล
245 10 จิตวิทยาสังคม :^bทฤษฏีและการประยุกต์ = Social psychology:^btheories and applications /^cสิทธิโชค วรานุสันติกูล
246 31 Social psychology: theories and applications
260    กรุงเทพฯ :^bซีเอ็ดยูเคชั่น,^c2548
300    346 หน้า ;^c26 ซม.
650  7 จิตวิทยาสังคม
945    ^p220^l0^i020065
945    ^p220^l0^i023088
945    ^p220^l0^i023089
945    ^p220^l0^i023090
995    ทศพร
999 ^a ทศพร
รายการนี้ยังไม่มีแท็ก
คุณยังไม่ได้ล็อกอิน คุณสามารถมีกิจกรรมร่วมกับเว็บไซต์ได้ แต่ต้องล็อกอินก่อน ::
  ล็อกอิน

รายการสื่อสารสนเทศ

ลำดับที่ ประเภท เลขเรียก/บาร์โค้ด สถานที่ สถานะ
- ไม่พบข้อมูล -

รายการใกล้เคียง
    ผู้แต่ง [สิทธิโชค วรานุสันติกูล]

    หัวเรื่อง [จิตวิทยาสังคม]

BibComment


ยังไม่เคยถูกคอมเมนท์

คอมเมนท์ทรัพยากรรายการนี้
  คอมเมนท์: จิตวิทยาสังคม ทฤ..


 Copyright 2026. Bcnsprnw @Library